[Event "OLOB 1920 SF Schöneck - SV Oberursel"]
[Site "?"]
[Date "2019.09.29"]
[Round "1.1"]
[White "Margolin, Boris"]
[Black "Konopka, Michal"]
[Result "1/2-1/2"]
[WhiteElo "2402"]
[BlackElo "2351"]
[PlyCount "103"]
[EventDate "2019.??.??"]

1. e4 e5 2. Nf3 Nf6 3. Nxe5 d6 4. Nf3 Nxe4 5. d4 d5 6. Bd3 Be7 7. O-O Bf5 8.
Re1 Nc6 9. Nc3 Nxc3 10. bxc3 Bxd3 11. Qxd3 O-O 12. c4 dxc4 13. Qxc4 Bf6 14. Ba3
Re8 15. Rxe8+ Qxe8 16. Re1 Qd7 17. d5 Na5 18. Qd3 b5 19. Nd2 Re8 20. Re4 Nb7
21. g3 h6 22. c4 bxc4 23. Qxc4 Rd8 24. Qd3 g6 25. Qa6 Nd6 26. Ra4 Bc3 27. Bxd6
Bxd2 28. Be5 Re8 29. Re4 Qf5 30. Qe2 Bg5 31. f3 Qd7 32. Bc3 Rxe4 33. Qxe4 Qe7
34. Qxe7 Bxe7 35. Bd4 a6 36. Kf2 Kf8 37. Ke3 Ke8 38. Kd3 Kd7 39. g4 c6 40. Kc4
Bd6 41. h3 Bf8 42. Bc5 Bg7 43. Bb4 Be5 44. Bf8 Bf4 45. Kd4 Bc1 46. Kc4 Kc7 47.
Bb4 Kd7 48. Be1 Bf4 49. Bf2 Bd6 50. Bc5 Bf4 51. Bf8 Bc1 52. Bc5 1/2-1/2

[Event "OLOB 1920 SF Schöneck - SV Oberursel"]
[Site "?"]
[Date "2019.09.29"]
[Round "1.2"]
[White "Marchio, Enrico"]
[Black "Heinz, Axel"]
[Result "0-1"]
[WhiteElo "2315"]
[BlackElo "2443"]
[PlyCount "82"]
[EventDate "2019.??.??"]

1. Nf3 Nf6 2. c4 e6 3. Nc3 d5 4. e3 Be7 5. b3 b6 6. Bb2 Bb7 7. Qc2 O-O 8. Be2
c5 9. cxd5 exd5 10. d4 Nbd7 11. O-O Rc8 12. dxc5 bxc5 13. Rfd1 Qc7 14. Rac1
Rfd8 15. Qf5 Nf8 16. Ne5 Ne6 17. Ng4 d4 18. Nxf6+ Bxf6 19. Ne4 Bxe4 20. Qxe4
dxe3 21. Bxf6 exf2+ 22. Kxf2 gxf6 23. Bg4 Qb6 24. Rc4 Rxd1 25. Bxd1 Qd6 26. Bg4
Rd8 27. Bf5 Qd2+ 28. Kg3 Nd4 29. Rxc5 Ne2+ 30. Kf3 Ng1+ 31. Kg3 Rd4 32. Rc2
Qg5+ 33. Kf2 Rxe4 34. Bxe4 Qf4+ 35. Kxg1 Qxe4 36. Rc8+ Kg7 37. h3 Qb1+ 38. Kh2
Qxa2 39. Rc3 f5 40. Kg3 Qd2 41. Rf3 Kf6 0-1

[Event "OLOB 1920 SF Schöneck - SV Oberursel"]
[Site "?"]
[Date "2019.09.29"]
[Round "1.4"]
[White "Nazarenus, Moritz"]
[Black "Akbarinia, Sayed Arash"]
[Result "1-0"]
[WhiteElo "2208"]
[BlackElo "2368"]
[PlyCount "57"]
[EventDate "2019.??.??"]

1. d4 d5 2. c4 e6 3. Nc3 Be7 4. Nf3 Nf6 5. Bg5 h6 6. Bh4 O-O 7. e3 b6 8. Be2
Bb7 9. Bxf6 Bxf6 10. cxd5 exd5 11. b4 c6 12. O-O a5 13. b5 c5 14. Rc1 c4 15.
Ne5 Re8 16. f4 Be7 17. Bh5 g6 18. Qg4 Bc8 19. f5 Bg5 20. Nxf7 gxh5 21. Nxh6+
Kf8 22. Qxh5 Bxe3+ 23. Kh1 Qf6 24. Ng4 Qg5 25. Qh8+ Ke7 26. Nxd5+ Kd8 27. Qh7
Nd7 28. Ngxe3 Rxe3 29. Rce1 1-0

[Event "OLOB 1920 SF Schöneck - SV Oberursel"]
[Site "?"]
[Date "2019.09.29"]
[Round "1.5"]
[White "Stork, Oliver"]
[Black "Meyer, Kai-Christian"]
[Result "1-0"]
[WhiteElo "2314"]
[BlackElo "2221"]
[PlyCount "57"]
[EventDate "2019.??.??"]

1. d4 Nf6 2. Bf4 d5 3. e3 c5 4. c3 Qb6 5. Qb3 c4 6. Qc2 Nc6 7. Nd2 Bg4 8. b3
cxb3 9. axb3 Rc8 10. Ngf3 e6 11. Be2 Bf5 12. Qa2 Nh5 13. Be5 f6 14. Nh4 fxe5
15. Bxh5+ g6 16. Be2 e4 17. g4 Be7 18. Ng2 Bd6 19. gxf5 gxf5 20. f4 Rg8 21. Kf2
Qd8 22. b4 Rc7 23. b5 Nb8 24. Qxa7 Rcg7 25. Rhg1 b6 26. Qa8 Qf6 27. Nf1 Qh6 28.
Ra7 Rg6 29. Qb7 1-0

[Event "OLOB 1920 SF Schöneck - SV Oberursel"]
[Site "?"]
[Date "2019.09.29"]
[Round "1.6"]
[White "Kirchner, Markus"]
[Black "Schlamp, Robert"]
[Result "0-1"]
[WhiteElo "2060"]
[BlackElo "2291"]
[PlyCount "132"]
[EventDate "2019.??.??"]

1. e4 e6 2. d4 d5 3. Nd2 dxe4 4. Nxe4 Nd7 5. Nf3 Ngf6 6. Bd3 Be7 7. O-O O-O 8.
Re1 b6 9. c3 Bb7 10. Qc2 Nxe4 11. Bxe4 Bxe4 12. Qxe4 Nf6 13. Qc6 Qd5 14. Ne5
Bd6 15. Qxd5 Nxd5 16. Bd2 Bxe5 17. Rxe5 Rfd8 18. Rd1 h6 19. f3 Rac8 20. c4 Nf6
21. Bc3 c5 22. d5 Rd7 23. Re2 Rcd8 24. Bxf6 gxf6 25. Red2 exd5 26. cxd5 Rd6 27.
Kf2 Kg7 28. f4 f5 29. Kf3 b5 30. b3 a5 31. a4 c4 32. bxc4 bxc4 33. Rc2 Rxd5 34.
Rxd5 Rxd5 35. Rxc4 Rd3+ 36. Kf2 Ra3 37. Rd4 Kg6 38. h3 f6 39. Rc4 Kf7 40. Rd4
Ke6 41. Ke2 h5 42. Kf2 h4 43. Ke2 Ra1 44. Kf2 Ra2+ 45. Kf3 Rb2 46. g4 Rb3+ 47.
Kg2 Rb4 48. gxf5+ Kxf5 49. Rd5+ Kxf4 50. Rxa5 Rb2+ 51. Kf1 Ra2 52. Ra6 f5 53.
a5 Kf3 54. Kg1 f4 55. Rh6 Ra1+ 56. Kh2 Rxa5 57. Rxh4 Ke3 58. Rh8 Kf2 59. h4 f3
60. h5 Rg5 61. Kh3 Rg3+ 62. Kh4 Kg2 63. h6 f2 64. Rf8 Rf3 65. Rg8+ Kh2 66. h7
Rh3+ 0-1

[Event "OLOB 1920 SF Schöneck - SV Oberursel"]
[Site "?"]
[Date "2019.09.29"]
[Round "1.7"]
[White "Weber, Samuel"]
[Black "Mueller, Achim"]
[Result "1-0"]
[WhiteElo "2288"]
[BlackElo "2094"]
[PlyCount "117"]
[EventDate "2019.??.??"]

1. e4 c5 2. c4 Nc6 3. Nc3 d6 4. g3 Nf6 5. Bg2 e6 6. Nge2 Be7 7. O-O O-O 8. d3
a6 9. Rb1 Rb8 10. a4 Qc7 11. h3 b6 12. Be3 Bb7 13. d4 Rfe8 14. b3 Bf8 15. Qd2
Rbd8 16. Rbd1 Qb8 17. d5 exd5 18. exd5 Ne5 19. f4 Ng6 20. g4 Kh8 21. Ng3 Bc8
22. Rde1 Bd7 23. g5 Ng8 24. Nce4 Qc8 25. f5 Nh4 26. g6 Nxg2 27. Ng5 Nh6 28.
Qxg2 hxg6 29. fxg6 fxg6 30. Qc2 Bf5 31. Nxf5 gxf5 32. Ne6 Rd7 33. Bxh6 gxh6 34.
Rxf5 Bg7 35. Qd2 Ree7 36. Ref1 Qg8 37. Kh1 Rf7 38. Nxg7 Qxg7 39. Rxf7 Rxf7 40.
Rxf7 Qxf7 41. Qxh6+ Kg8 42. Kg2 Qc7 43. Qe6+ Kh7 44. Kf3 b5 45. axb5 axb5 46.
cxb5 Qa5 47. Qxd6 Qxb5 48. Qe7+ Kg8 49. Qe6+ Kh7 50. Qe4+ Kg7 51. Qc4 Qb6 52.
Qg4+ Kh7 53. Qf5+ Kh8 54. Ke4 Qxb3 55. d6 Qa4+ 56. Ke5 Qa1+ 57. Ke6 Qa7 58. Qd5
c4 59. d7 1-0

[Event "OLOB 1920 SF Schöneck - SV Oberursel"]
[Site "?"]
[Date "2019.09.29"]
[Round "1.8"]
[White "Meyer-Cording, Claus"]
[Black "Haubt, Georg"]
[Result "1/2-1/2"]
[WhiteElo "2066"]
[BlackElo "2100"]
[PlyCount "120"]
[EventDate "2019.??.??"]

1. e4 d5 2. exd5 Qxd5 3. Nc3 Qd6 4. d3 Nf6 5. Nf3 g6 6. Ne4 Nxe4 7. dxe4 Qb4+
8. Nd2 Be6 9. c3 Qc5 10. Nb3 Qe5 11. Qd4 Nd7 12. Qxe5 Nxe5 13. Nc5 Bc8 14. Bf4
Bg7 15. Nd3 Nc4 16. O-O-O e5 17. Bg3 f6 18. Nb4 Nb6 19. f3 c6 20. Be2 Be6 21.
b3 a5 22. Nd3 Nd7 23. Nb2 Ke7 24. Bc4 b5 25. Bxe6 Kxe6 26. Kc2 Rhc8 27. Bf2 f5
28. Rhe1 Bf8 29. f4 fxe4 30. Rxe4 Re8 31. Rde1 Bg7 32. Nd3 Rf8 33. Bg3 Rac8 34.
Nxe5 Bxe5 35. fxe5 Nb6 36. Rd1 Rf5 37. Rd6+ Ke7 38. Rf4 Nd5 39. Rxf5 Ne3+ 40.
Kd3 Nxf5 41. Rf6 Rd8+ 42. Ke4 Rd2 43. Rxc6 Nxg3+ 44. hxg3 Rxg2 45. Kd5 Rxg3 46.
Rc7+ Kd8 47. Rxh7 Rxc3 48. Kd6 Rd3+ 49. Ke6 a4 50. bxa4 bxa4 51. Rh8+ Kc7 52.
Kf7 Rf3+ 53. Kxg6 Kd7 54. Rh7+ Ke6 55. Ra7 Rg3+ 56. Kh5 Ra3 57. Ra5 Rxa2 58.
Kg4 a3 59. Kf4 Rf2+ 60. Ke4 Re2+ 1/2-1/2

[Event "OLOB 1920 Bad Emstal/Wolfhagen - SK Mar"]
[Site "?"]
[Date "2019.09.29"]
[Round "1.1"]
[White "Dorst, Johannes"]
[Black "Matviishen, Viktor"]
[Result "0-1"]
[WhiteElo "2230"]
[BlackElo "2494"]
[PlyCount "60"]
[EventDate "2019.??.??"]

1. c4 Nf6 2. g3 e6 3. Bg2 d5 4. Nf3 c5 5. O-O Nc6 6. b3 d4 7. e3 e5 8. exd4
exd4 9. Re1+ Be7 10. d3 O-O 11. Ne5 Nxe5 12. Rxe5 Bd6 13. Re1 Bg4 14. f3 Bf5
15. g4 Bd7 16. Nd2 Qc7 17. Nf1 h6 18. Bd2 Nh7 19. Ng3 f5 20. f4 fxg4 21. b4
Bxf4 22. Bxf4 Qxf4 23. Re7 Qd6 24. Qe2 Rae8 25. Re1 Ng5 26. bxc5 Qg6 27. Bd5+
Kh8 28. Rf1 Bc6 29. Bxc6 Qxc6 30. Rxe8 Nh3# 0-1

[Event "OLOB 1920 Bad Emstal/Wolfhagen - SK Mar"]
[Site "?"]
[Date "2019.09.29"]
[Round "1.2"]
[White "Frolov, Artur"]
[Black "Rolle, Eric"]
[Result "1/2-1/2"]
[WhiteElo "2425"]
[BlackElo "2200"]
[PlyCount "68"]
[EventDate "2019.??.??"]

1. d4 d5 2. Nf3 e6 3. Bg5 Be7 4. Bxe7 Qxe7 5. Nbd2 f5 6. e3 Nf6 7. c4 O-O 8.
Qb3 c6 9. Ne5 Nbd7 10. Ndf3 a5 11. a3 Ne4 12. Bd3 a4 13. Qc2 Ndf6 14. h3 c5 15.
cxd5 cxd4 16. d6 Qxd6 17. exd4 Bd7 18. O-O Rfc8 19. Qe2 Be8 20. Rfc1 Bc6 21.
Rc2 Bd5 22. Rac1 Rxc2 23. Qxc2 h6 24. Bb5 Bb3 25. Qc7 Qxc7 26. Rxc7 Nd6 27. Bd3
Rc8 28. Rxc8+ Nxc8 29. g4 Nd6 30. Nd2 Bd5 31. f3 g5 32. Kf2 h5 33. h4 hxg4 34.
hxg5 Nh7 1/2-1/2

[Event "OLOB 1920 Bad Emstal/Wolfhagen - SK Mar"]
[Site "?"]
[Date "2019.09.29"]
[Round "1.3"]
[White "Alber, Horst"]
[Black "Shkuran, Danylo"]
[Result "0-1"]
[WhiteElo "2271"]
[BlackElo "2342"]
[PlyCount "60"]
[EventDate "2019.??.??"]

1. d4 d5 2. c4 c6 3. cxd5 cxd5 4. Nf3 Nf6 5. Nc3 Nc6 6. Bf4 a6 7. e3 Bg4 8. Bd3
e6 9. h3 Bh5 10. Qe2 Be7 11. g4 Bg6 12. Bxg6 hxg6 13. O-O-O Bb4 14. g5 Nh5 15.
Bh2 Bxc3 16. bxc3 Rc8 17. Kb1 Na5 18. Rc1 Nc4 19. Ka1 O-O 20. h4 b5 21. Rhe1
Qa5 22. Qc2 Rc6 23. Qb3 Rfc8 24. Qb4 Qb6 25. e4 dxe4 26. Rxe4 Qb7 27. d5 Rc5
28. Rd1 Rxd5 29. Red4 Rxd4 30. Nxd4 e5 0-1

[Event "OLOB 1920 Bad Emstal/Wolfhagen - SK Mar"]
[Site "?"]
[Date "2019.09.29"]
[Round "1.4"]
[White "Skliarov, Viktor"]
[Black "Henrich, Thomas"]
[Result "1-0"]
[WhiteElo "2371"]
[BlackElo "2162"]
[PlyCount "55"]
[EventDate "2019.??.??"]

1. e4 e6 2. d4 d5 3. e5 b6 4. c3 Qd7 5. Bd3 Ba6 6. Bc2 Ne7 7. Ne2 c5 8. O-O
Nbc6 9. Re1 cxd4 10. Nxd4 Nxd4 11. cxd4 Nc6 12. Nc3 Rc8 13. Ba4 Bb4 14. Qg4 Kf8
15. Be3 Bd3 16. Rac1 b5 17. Qd1 Bxc3 18. Rxc3 Nb4 19. Bb3 Bc4 20. Bd2 Nc6 21.
Rg3 Bxb3 22. Qxb3 Ne7 23. Bb4 a6 24. Qa3 Rc6 25. Rc3 Rc4 26. Rec1 f5 27. b3
Rxc3 28. Rxc3 1-0

[Event "OLOB 1920 Bad Emstal/Wolfhagen - SK Mar"]
[Site "?"]
[Date "2019.09.29"]
[Round "1.5"]
[White "Duncker, Joachim"]
[Black "Shankovskyi, Andrii"]
[Result "1/2-1/2"]
[WhiteElo "2187"]
[BlackElo "2403"]
[PlyCount "67"]
[EventDate "2019.??.??"]

1. e4 c5 2. Nc3 e6 3. Nge2 Nc6 4. g3 Nf6 5. Bg2 Be7 6. O-O O-O 7. h3 a6 8. d3
d5 9. exd5 Nxd5 10. Nxd5 exd5 11. Nf4 d4 12. Re1 Bd6 13. a3 Rb8 14. Nd5 Be6 15.
Qh5 Qd7 16. Be4 f5 17. Nb6 Qf7 18. Qxf7+ Kxf7 19. Bg2 Rfd8 20. Bg5 Re8 21. Rxe6
Rxe6 22. Bd5 Rbe8 23. Re1 h6 24. Nc8 Be5 25. Bxe6+ Rxe6 26. Bf4 Bxf4 27. Rxe6
Kxe6 28. gxf4 g5 29. fxg5 hxg5 30. f4 gxf4 31. Nb6 Ne5 32. Kf2 Ng6 33. a4 Nh4
34. Nc4 1/2-1/2

[Event "OLOB 1920 Bad Emstal/Wolfhagen - SK Mar"]
[Site "?"]
[Date "2019.09.29"]
[Round "1.6"]
[White "Kersten, Uwe"]
[Black "Nekhamkis, Genadi"]
[Result "1/2-1/2"]
[WhiteElo "2239"]
[BlackElo "2125"]
[PlyCount "61"]
[EventDate "2019.??.??"]

1. d4 f5 2. Nc3 Nf6 3. Bg5 d5 4. Bxf6 exf6 5. e3 Be6 6. Qf3 Qd7 7. Bb5 Nc6 8.
Nge2 g5 9. g3 O-O-O 10. O-O-O a6 11. Bd3 Nb4 12. Kb1 Nxd3 13. cxd3 Kb8 14. Qg2
h5 15. h4 Be7 16. f4 g4 17. Rd2 Rhe8 18. Nc1 Bf7 19. Nb3 Bb4 20. Qf2 b6 21. Rc2
Re7 22. Rhc1 Rc8 23. a3 Bd6 24. Nd1 Be8 25. Qd2 Qe6 26. Nc5 Bxc5 27. dxc5 Ba4
28. Rc3 Bxd1 29. Qxd1 b5 30. d4 c6 31. Qd3 1/2-1/2

[Event "OLOB 1920 Bad Emstal/Wolfhagen - SK Mar"]
[Site "?"]
[Date "2019.09.29"]
[Round "1.7"]
[White "Yaghy, Ritta"]
[Black "Schmidt, Alexander"]
[Result "0-1"]
[WhiteElo "1973"]
[BlackElo "2131"]
[PlyCount "62"]
[EventDate "2019.??.??"]

1. e4 c5 2. Nf3 d6 3. d4 cxd4 4. Nxd4 Nf6 5. Nc3 a6 6. Be2 e6 7. O-O Nbd7 8. f4
Qc7 9. Bf3 Be7 10. Kh1 g6 11. Qe2 e5 12. fxe5 dxe5 13. Nb3 b5 14. Bh6 Bb7 15.
Rad1 O-O-O 16. a4 b4 17. Na2 Kb8 18. c3 bxc3 19. bxc3 Rc8 20. Rb1 Ka8 21. Rfc1
Rhe8 22. Nb4 Nb8 23. Bg5 Nxe4 24. Bxe4 Bxg5 25. Nxa6 Qd6 26. Bxb7+ Kxb7 27.
Qb5+ Ka7 28. Nbc5 Re7 29. Nxb8 Rxc5 30. Nc6+ Rxc6 31. Rd1 Qc7 0-1

[Event "OLOB 1920 Bad Emstal/Wolfhagen - SK Mar"]
[Site "?"]
[Date "2019.09.29"]
[Round "1.8"]
[White "Haenisch, Uwe"]
[Black "Foermes, Alexander"]
[Result "1/2-1/2"]
[WhiteElo "2185"]
[BlackElo "2071"]
[PlyCount "45"]
[EventDate "2019.??.??"]

1. e4 c6 2. d3 d5 3. Nd2 g6 4. Ngf3 Bg7 5. c3 e5 6. Be2 Ne7 7. O-O O-O 8. h3 f5
9. Qc2 Kh8 10. Re1 Be6 11. Bf1 Qc7 12. exd5 Bxd5 13. c4 Bg8 14. Nb3 c5 15. Bg5
Re8 16. Qd2 Bf7 17. Nxe5 Bxe5 18. Rxe5 Qxe5 19. Re1 Qg7 20. Bh6 Qf6 21. Bg5 Qg7
22. Bh6 Qf6 23. Bg5 1/2-1/2

[Event "OLOB 1920 SV Griesheim - Wiesbadener SV"]
[Site "?"]
[Date "2019.09.29"]
[Round "1.1"]
[White "Baskin, Robert"]
[Black "Jarmula, Lukasz"]
[Result "1/2-1/2"]
[WhiteElo "2414"]
[BlackElo "2467"]
[PlyCount "53"]
[EventDate "2019.??.??"]

1. e4 e5 2. Nf3 Nc6 3. Bb5 Nf6 4. O-O Nxe4 5. Re1 Nd6 6. Nxe5 Be7 7. Bf1 Nxe5
8. Rxe5 O-O 9. d4 Bf6 10. Re1 Re8 11. c3 Rxe1 12. Qxe1 Ne8 13. Bf4 d5 14. Bd3
g6 15. Nd2 Ng7 16. Qe2 Bf5 17. Bxf5 Nxf5 18. Qb5 b6 19. Qc6 Rc8 20. Re1 Bg5 21.
Bxg5 Qxg5 22. Nf3 Qd8 23. Re5 Ne7 24. Qf6 Nf5 25. Qc6 Ne7 26. Qf6 Nf5 27. Qc6
1/2-1/2

[Event "OLOB 1920 SV Griesheim - Wiesbadener SV"]
[Site "?"]
[Date "2019.09.29"]
[Round "1.2"]
[White "Nothnagel, Marian Can"]
[Black "Geske, Julian"]
[Result "1/2-1/2"]
[WhiteElo "2376"]
[BlackElo "2385"]
[PlyCount "24"]
[EventDate "2019.??.??"]

1. e4 e5 2. Nf3 Nc6 3. Bc4 Nf6 4. d3 Be7 5. O-O O-O 6. Re1 d6 7. a4 Na5 8. Ba2
c5 9. c3 Qc7 10. Na3 a6 11. Bd2 Bd7 12. Rc1 b5 1/2-1/2

[Event "OLOB 1920 SV Griesheim - Wiesbadener SV"]
[Site "?"]
[Date "2019.09.29"]
[Round "1.4"]
[White "Braun, Vitali"]
[Black "Gottschalk, Jens"]
[Result "0-1"]
[WhiteElo "2379"]
[BlackElo "2264"]
[PlyCount "92"]
[EventDate "2019.??.??"]

1. d4 Nf6 2. Bf4 g6 3. e3 d5 4. c3 Bg7 5. Nd2 Nbd7 6. Ngf3 c5 7. Bd3 O-O 8. O-O
b6 9. h3 Bb7 10. Ne5 Ne4 11. Ndf3 f6 12. Nxd7 Qxd7 13. Qc2 Rfe8 14. Rad1 Nd6
15. Bxd6 Qxd6 16. e4 c4 17. Be2 Rac8 18. exd5 Bxd5 19. Rfe1 Qc6 20. Qd2 Rcd8
21. Qe3 Qa4 22. a3 Qc6 23. Bf1 h5 24. Nh4 Kh7 25. Qg3 f5 26. Nf3 Bxf3 27. Qxf3
Qxf3 28. gxf3 b5 29. a4 a6 30. Re6 Rd6 31. Rde1 Rxe6 32. Rxe6 bxa4 33. Rxa6 Rb8
34. Rxa4 Rxb2 35. Rxc4 Bf6 36. Rc6 Bh4 37. Re6 Rc2 38. c4 Bxf2+ 39. Kh1 Bxd4
40. Rxe7+ Kh6 41. Re6 h4 42. Bd3 Rc1+ 43. Kh2 Kg5 44. Be2 Kf4 45. Rxg6 Re1 46.
Bd3 Kxf3 0-1

[Event "OLOB 1920 SV Griesheim - Wiesbadener SV"]
[Site "?"]
[Date "2019.09.29"]
[Round "1.7"]
[White "Ochs, Daniel Elias"]
[Black "Grabarczyk, Bogdan"]
[Result "0-1"]
[WhiteElo "2065"]
[BlackElo "2374"]
[PlyCount "52"]
[EventDate "2019.??.??"]

1. d4 d5 2. c4 dxc4 3. Nf3 Nf6 4. e3 a6 5. a4 b6 6. Bxc4 Bb7 7. O-O e6 8. Qe2
c5 9. Rd1 Qc7 10. Nc3 Nbd7 11. e4 cxd4 12. Nxd4 Ne5 13. Bb3 Neg4 14. g3 Bc5 15.
h3 Rd8 16. Nd5 exd5 17. exd5+ Ne5 18. Bf4 Nfd7 19. Nc6 f6 20. Nxd8 Kxd8 21. d6
Qc8 22. Bd5 Re8 23. Qh5 Qa8 24. Bxb7 Qxb7 25. Qxh7 Nf3+ 26. Kf1 Ng5 0-1

[Event "OLOB 1920 SV Griesheim - Wiesbadener SV"]
[Site "?"]
[Date "2019.09.29"]
[Round "1.8"]
[White "Nothnagel, Markus"]
[Black "Bakiev, Diyor"]
[Result "1/2-1/2"]
[WhiteElo "2210"]
[BlackElo "2088"]
[PlyCount "35"]
[EventDate "2019.??.??"]

1. b3 e5 2. Bb2 Nc6 3. Nf3 e4 4. Nd4 Nxd4 5. Bxd4 d5 6. e3 Nf6 7. c4 c6 8. cxd5
Nxd5 9. Nc3 Bf5 10. Nxd5 Qxd5 11. Bc4 Qd7 12. O-O Bd6 13. f3 O-O 14. fxe4 Bxe4
15. Qh5 Bg6 16. Qg5 b5 17. Be2 Be7 18. Qg4 1/2-1/2

[Event "OLOB 1920 SK 1980 Gernsheim - FB Mörlen"]
[Site "?"]
[Date "2019.09.29"]
[Round "1.1"]
[White "Kunin, Vitaly"]
[Black "Mazurek, Robert"]
[Result "1-0"]
[WhiteElo "2546"]
[BlackElo "2178"]
[PlyCount "85"]
[EventDate "2019.??.??"]

1. d4 d5 2. Nf3 Nf6 3. c4 c6 4. Qb3 dxc4 5. Qxc4 Bf5 6. g3 e6 7. Bg2 Be7 8. O-O
O-O 9. Nc3 Nbd7 10. e3 Rc8 11. Qe2 Ne4 12. Nd2 Nxd2 13. Bxd2 Bg6 14. e4 Nf6 15.
Be3 b5 16. a3 a5 17. f3 Re8 18. Rfd1 Bf8 19. Rac1 Nd7 20. Qf2 f6 21. Ne2 Qe7
22. Nf4 Bf7 23. Bh3 g6 24. Nd3 Bg7 25. Qe1 Qd8 26. Kh1 f5 27. Bg2 Nb6 28. Ne5
Bxe5 29. dxe5 Qc7 30. f4 fxe4 31. Bxe4 Nd5 32. Bc5 a4 33. Qf2 Qd7 34. Kg2 Kg7
35. g4 Qd8 36. Rd3 g5 37. fxg5 Qxg5 38. Rf1 Rc7 39. h4 Qh6 40. Rf3 Bg6 41. Bxd5
cxd5 42. Be3 Rc2 43. Rf7+ 1-0

[Event "OLOB 1920 SK 1980 Gernsheim - FB Mörlen"]
[Site "?"]
[Date "2019.09.29"]
[Round "1.2"]
[White "Mueller, Maximilian"]
[Black "Galdunts, Sergey"]
[Result "1/2-1/2"]
[WhiteElo "2308"]
[BlackElo "2412"]
[PlyCount "118"]
[EventDate "2019.??.??"]

1. Nf3 d5 2. d4 Nf6 3. c4 e6 4. Nc3 Be7 5. g3 O-O 6. Bg2 dxc4 7. Ne5 c5 8. dxc5
Qxd1+ 9. Nxd1 Bxc5 10. Nc3 Nbd7 11. Nxc4 e5 12. O-O Rb8 13. a4 Re8 14. Nb5 Nb6
15. Ncd6 Rd8 16. Nxc8 Nxc8 17. Rb1 a6 18. Na3 b5 19. b4 Be7 20. axb5 axb5 21.
Bb2 Nd7 22. Rfd1 f6 23. Bc6 Nd6 24. Bc1 Nb6 25. Be3 Rdc8 26. Rbc1 Nbc4 27. Bd5+
Kf8 28. Nxc4 bxc4 29. Bc5 Nb5 30. Rxc4 Bxc5 31. bxc5 Ke7 32. Ra1 Rc7 33. Be4 g6
34. Rb1 Na3 35. Rxb8 Nxc4 36. Rh8 Ke6 37. Re8+ Kf7 38. Rd8 Rxc5 39. Rd7+ Kg8
40. g4 Kh8 41. h4 Nb6 42. Rd6 Na4 43. Rxf6 Nc3 44. Bd3 Nd5 45. Rd6 Nf4 46. e3
Nxd3 47. Rxd3 Rc4 48. f3 e4 49. Rd4 Rc1+ 50. Kg2 exf3+ 51. Kxf3 Rh1 52. g5 h6
53. Kg2 Re1 54. Rd8+ Kg7 55. Rd7+ Kh8 56. Re7 hxg5 57. hxg5 Kg8 58. Kf2 Ra1 59.
Re6 Ra5 1/2-1/2

[Event "OLOB 1920 SK 1980 Gernsheim - FB Mörlen"]
[Site "?"]
[Date "2019.09.29"]
[Round "1.3"]
[White "Legde, Georg"]
[Black "Di Capua, Francesco Stefano"]
[Result "1-0"]
[WhiteElo "2320"]
[BlackElo "1940"]
[PlyCount "77"]
[EventDate "2019.??.??"]

1. d4 Nf6 2. Nf3 e6 3. g3 d5 4. Bg2 Bd6 5. O-O Nbd7 6. c4 c6 7. Nc3 O-O 8. Nd2
e5 9. cxd5 exd4 10. Nce4 Be5 11. dxc6 bxc6 12. Nxf6+ Qxf6 13. Qa4 Bb7 14. Nf3
h6 15. Rd1 Rfd8 16. Nxe5 Nxe5 17. Bf4 Ng6 18. Bd2 Ne5 19. Ba5 Rd7 20. Rac1 Re8
21. h3 Ng6 22. Rd2 Re6 23. Bb4 Qg5 24. Rcd1 d3 25. Rxd3 Rxd3 26. exd3 c5 27.
Bd2 Qe7 28. Qxa7 Bxg2 29. Qxe7 Rxe7 30. Kxg2 Rd7 31. Rc1 Rxd3 32. Be3 h5 33.
Rxc5 h4 34. g4 f6 35. a4 Rb3 36. Rb5 Rd3 37. a5 Ne5 38. a6 Nc6 39. Rb6 1-0

[Event "OLOB 1920 SK 1980 Gernsheim - FB Mörlen"]
[Site "?"]
[Date "2019.09.29"]
[Round "1.4"]
[White "Mao, Kevin"]
[Black "Dittmar, Peter"]
[Result "1-0"]
[WhiteElo "2031"]
[BlackElo "2259"]
[PlyCount "111"]
[EventDate "2019.??.??"]

1. e4 e6 2. d4 d5 3. e5 c5 4. c3 Ne7 5. Nf3 Nec6 6. Bd3 b6 7. O-O Ba6 8. Bxa6
Nxa6 9. Qa4 Nab8 10. Be3 Qd7 11. Qc2 Be7 12. Nbd2 O-O 13. Nb3 c4 14. Nbd2 b5
15. Ng5 Bxg5 16. Bxg5 b4 17. f4 f6 18. exf6 gxf6 19. Bh6 Rf7 20. Rae1 Ne7 21.
g4 bxc3 22. bxc3 Nbc6 23. f5 e5 24. Nf3 exd4 25. Nxd4 Nxd4 26. cxd4 Nc6 27. Qd2
Kh8 28. Re6 Rg8 29. Qf4 Re7 30. Rd6 Qe8 31. h3 Re4 32. Qh2 Nxd4 33. Rxf6 Ne2+
34. Kh1 d4 35. Qd6 Qe5 36. Qf8 Ng3+ 37. Kg2 Re2+ 38. Kg1 Qe3+ 39. Bxe3 Rxf8 40.
Rxf8+ Kg7 41. Bxd4+ Kxf8 42. Rf3 Ne4 43. Ra3 Rd2 44. Be3 Rd1+ 45. Kg2 c3 46.
Kf3 Nd2+ 47. Ke2 Rh1 48. Rxc3 Rh2+ 49. Kd3 Nf1 50. Bh6+ Ke8 51. Ke4 Rxa2 52.
Rc7 a5 53. f6 Rf2 54. Bf4 Nd2+ 55. Ke5 Nf3+ 56. Kd5 1-0

[Event "OLOB 1920 SK 1980 Gernsheim - FB Mörlen"]
[Site "?"]
[Date "2019.09.29"]
[Round "1.5"]
[White "Felgendreher, Heiko"]
[Black "Rosenberger, Frank"]
[Result "1/2-1/2"]
[WhiteElo "2196"]
[BlackElo "2017"]
[PlyCount "113"]
[EventDate "2019.??.??"]

1. e4 e6 2. d4 d5 3. Nc3 Bb4 4. e5 c5 5. a3 Bxc3+ 6. bxc3 Qc7 7. Qg4 f5 8. Qg3
cxd4 9. cxd4 Ne7 10. Bd2 O-O 11. Bd3 b6 12. Nf3 Ba6 13. Ng5 Qd7 14. Bxa6 Nxa6
15. Qd3 Nb8 16. a4 Nbc6 17. O-O h6 18. Nf3 Rfc8 19. Rfb1 Rc7 20. Ra3 Rac8 21.
g3 Qe8 22. Kg2 Qd7 23. Rb5 Kh8 24. Rab3 Kg8 25. Rb2 Kh8 26. Qa3 Rd8 27. R2b3
Kg8 28. Qc1 Kh7 29. Qa3 Kg8 30. Qb2 Kh7 31. a5 Nxa5 32. Bxa5 bxa5 33. Rxa5 Rdc8
34. c3 Rc6 35. Rb7 R8c7 36. Raxa7 Nc8 37. Rxc7 Rxc7 38. Ra6 Ra7 39. Rxa7 Nxa7
40. Qb8 Nb5 41. Qf8 Nxc3 42. Qd6 Qe8 43. Ne1 Ne4 44. Qa6 Ng5 45. h4 Nf7 46. Nd3
Nd8 47. Qc8 Kg8 48. Nc5 Kf7 49. Kh2 Qe7 50. Kg2 Qe8 51. Kf3 Qe7 52. Ke3 Qe8 53.
Qb8 Qe7 54. Qc8 Qe8 55. Qb8 Qe7 56. Qc8 Qe8 57. Qb8 1/2-1/2

[Event "OLOB 1920 SK 1980 Gernsheim - FB Mörlen"]
[Site "?"]
[Date "2019.09.29"]
[Round "1.6"]
[White "Wenner, Frank"]
[Black "Boehmer, Christian"]
[Result "1/2-1/2"]
[WhiteElo "2084"]
[BlackElo "2141"]
[PlyCount "59"]
[EventDate "2019.??.??"]

1. Nf3 Nf6 2. c4 d6 3. g3 Nbd7 4. Bg2 e5 5. Nc3 Be7 6. O-O O-O 7. b3 Re8 8. Bb2
c6 9. Qc2 Bf8 10. d3 Qc7 11. Rac1 a5 12. a3 g6 13. h3 Bg7 14. b4 axb4 15. axb4
Nf8 16. b5 Ne6 17. bxc6 bxc6 18. Rfd1 Nd7 19. e3 f5 20. Nd2 Rb8 21. Ba3 Ndc5
22. Rb1 Bd7 23. Nb3 Nxb3 24. Rxb3 Rxb3 25. Qxb3 Rb8 26. Qa2 Bf8 27. Rb1 Kg7 28.
Rxb8 Qxb8 29. Qb2 Qa7 30. Ne2 1/2-1/2

[Event "OLOB 1920 SK 1980 Gernsheim - FB Mörlen"]
[Site "?"]
[Date "2019.09.29"]
[Round "1.7"]
[White "Schaefer, Michael"]
[Black "Will, Jens"]
[Result "1/2-1/2"]
[WhiteElo "2181"]
[BlackElo "2072"]
[PlyCount "37"]
[EventDate "2019.??.??"]

1. c4 c5 2. Nf3 g6 3. Nc3 Bg7 4. g3 Nc6 5. Bg2 e6 6. O-O Nge7 7. a3 O-O 8. Rb1
d5 9. d3 a5 10. Bd2 b6 11. Na4 Ba6 12. b4 axb4 13. axb4 cxb4 14. Bxb4 Nxb4 15.
Rxb4 b5 16. cxb5 Qa5 17. Qb3 Bxb5 18. Rxb5 Qxa4 19. e3 1/2-1/2

[Event "OLOB 1920 SK 1980 Gernsheim - FB Mörlen"]
[Site "?"]
[Date "2019.09.29"]
[Round "1.8"]
[White "Lukas, Anne"]
[Black "Wohlfart, Paulus"]
[Result "0-1"]
[WhiteElo "1820"]
[BlackElo "2093"]
[PlyCount "64"]
[EventDate "2019.??.??"]

1. d4 f5 2. Bg5 g6 3. e3 Bg7 4. h4 h6 5. Bf4 Nf6 6. Qf3 O-O 7. Qg3 Qe8 8. Bxc7
Nc6 9. Bc4+ Kh7 10. Bf4 Nh5 11. Qf3 Nxf4 12. exf4 Nxd4 13. Qd3 e5 14. c3 exf4+
15. Kd2 Ne6 16. Nh3 Qd8 17. Na3 a6 18. Bd5 Rb8 19. Nc4 b5 20. Nd6 Qb6 21. Bb3
b4 22. Rae1 bxc3+ 23. bxc3 a5 24. h5 Qc5 25. hxg6+ Kxg6 26. Nxf4+ Nxf4 27. Qg3+
Kh7 28. Rxh6+ Bxh6 29. Re7+ Kh8 30. Nf7+ Rxf7 31. Re8+ Rf8 32. Qh4 Qd6+ 0-1